النسبية : (Record no. 6523)

MARC details
000 -الفاتح
حقل البيانات ثابتة الطول 01623nac a22003491i 4500
003 - محدد رقم الضبط
رقم الضبط EG-ScBUE
005 - وقت وتاريخ اخر تعامل مع التسجيلة
رقم الضبط 20260510130605.0
008 - عناصر البيانات ثابتة الطول - معلومات عامة
حقل البيانات ثابتة الطول 101122s2005 ua|a frd 00| 0 ara dd
017 ## - رقم الإيداع القانونى
رقم الإيداع القانونى 2005 / 7026
020 ## - الرقم الدولى المعيارى للكتب
الرقم الدولى المعيارى للكتاب 9773058069
040 ## - مصدر الفهرسة
وكالة الفهرسة الأصلية EG-ScBUE
لغة الفهرسة ara
قواعد الوصف rda
وكالة النسخ EG-ScBUE
وكالة التعديل EG-ScBUE
041 1# - رمز اللغة
رمز لغة النص/ المسارات الصوتية أو العنوان الانفرادي ara
رمز لغة الترجمات و/او الاصلية المتوسطة للنص eng
082 04 - رقم تصنيف ديوى العشرى
رقم التصنيف 530.11
رقم المادة أ ي ن
رقم الطبعة 22
100 1# - المدخل الرئيسى - إسم شخصى
الإسم الشخصى أينشتين، ألبرت،
9 (RLIN) 15403
التواريخ المصاحبة للاسم 1879-1955،
الدور مؤلف.
240 1# - العنوان الموحد
عنوان موحد Relativity : the special and general theory.
لغة العمل Arabic
245 12 - بيان العنوان
العنوان النسبية :
بقية العنوان النظرية الخاصة والعامة /
بيان المسئوليه,etc تأليف ألبرت أينشتاين ؛ ترجمة دكتور رمسيس شحاتة ؛ راجعه دكتور محمد مرسي أحمد ؛ تقديم عطية عاشور.
264 #1 - النشر، التوزيع
مكان الناشر او الموزع القاهرة :
اسم الناشر او الموزع المجلس الأعلى للثقافة،
تاريخ النشر أو التوزيع 2005.
300 ## - الوصف المادى
التعداد 163 صفحة :
تفاصيل ماديه اخرى للوعاء إيضاحيات ؛
أبعاد الوعاء 24 سم.
336 ## - نوع المحتوى
source rdacontent
Carrier Type Term نص
Content Type Code txt
337 ## - نوع الوسيط
Media Type Term بدون وسيط
source rdamedia
Media Type Code n
338 ## - نوع الحامل أو الناقل
Carrier Type Term مجلد
Carrier Type Code nc
source rdacarrier
490 #0 - بيان السلسلة
عنوان السلسلة المشروع القومي للترجمة.
-- سلسلة ميراث الترجمة ؛
رقم المجلد/ التعيين التسلسلي 828
500 ## - تبصرة عامة
تبصرة عامة يشتمل على قائمة بالمصطلحات.
500 ## - تبصرة عامة
تبصرة عامة يشتمل على ملاحق.
546 ## - تبصرة اللغة
تبصرة اللغة النص باللغة الإنجليزية ؛ وقد تم ترجمته إلى العربية.
650 #7 - المدخل الاضافى بالموضوع-مصطلح موضوعى
مصطلح موضوعي أو اسم جغرافي كعنصر مدخل النسبية.
9 (RLIN) 8376
مصدر الرأس أو المصطلح BUEsh
655 ## - مصطلح تكشيفى-نوع/شكل
التقسيم الفرعي الشكلي Reading book
700 1# - المدخل الاضافى - اسم شخصى
الإسم الشخصى شحاتة، رمسيس،
9 (RLIN) 21220
الدور مترجم.
700 1# - المدخل الاضافى - اسم شخصى
الإسم الشخصى أحمد، محمد مرسي،
9 (RLIN) 21235
الدور مراجع.
700 1# - المدخل الاضافى - اسم شخصى
الإسم الشخصى عاشور، عطية،
الدور مقدم.
942 ## - عناصر المدخل الإضافي( كوها)
Koha [default] item type Book - Borrowing
سابقة رقم الطلب 530.11 أ ي ن
مصدر التصنيف او مخطط الترفيف Dewey Decimal Classification
Holdings
حالة التراجع حالة الفقد مصدر التصنيف او خطة الترفيف حالة تلف ليس للاعارة مجموعات كوها المكان الدائم المكان الحالي موقع الترفيف تاريخ الاكتساب Source of acquisition رقم الاستدعاء الباركود Date last seen مُعار نوع الوعاء
    Dewey Decimal Classification       Central Library Central Library First floor 19/12/2010   530.11 أ ي ن 000007956 15/07/2025 22/10/2014 Book - Borrowing
    Dewey Decimal Classification       Central Library Central Library First floor 19/12/2010   530.11 أ ي ن 000007957 15/07/2025 24/09/2017 Book - Borrowing